| 000 | 00469nam a2200157 i 4500 | ||
|---|---|---|---|
| 001 | 150942 | ||
| 003 | ES-MaACL | ||
| 005 | 20230906203753.0 | ||
| 007 | t| | ||
| 008 | 071121s1978 cc ||||1| eng d | ||
| 100 | 1 |
_aChiang, Ching-kuo. _938455 |
|
| 245 | 1 | 0 |
_aPresident C.K. Chiang _b: man of the people / _cChing-Kuo Chiang. |
| 260 |
_a[Taipei : _bChina Publishing C.O., _c1978?] |
||
| 300 |
_a59 p., 14 lám. col. ; _c29 cm. |
||
| 852 |
_aES-MaACL _jA-9397 _bR.98896 |
||
| 999 |
_c150942 _d150942 |
||